Statistics for Borders from Senegal to Papua New Guinea

Click here to take the quiz!

General Stats

  • This quiz has been taken 251 times
  • The average score is 14 of 16

Answer Stats

Answer% Correct
Senegal
98%
Mali
95%
Niger
93%
Egypt
90%
Libya
90%
Israel
89%
Syria
88%
Iran
87%
Iraq
87%
Pakistan
85%
China
84%
Indonesia
84%
Malaysia
83%
Papua - New Guinea
83%
Thailand
82%
Laos
80%

Score Distribution

Percentile by Number Answered

Percent of People with Each Score

Your Score History

You have not taken this quiz